The High Court Civil Suit No. 348 of 1991. Ismail Jaffer Allibhai Two Others Vs Nandial Harjivan Karia and nother. (Record no. 4062)

MARC details
000 -LEADER
fixed length control field 00579nam a22001217a 4500
008 - FIXED-LENGTH DATA ELEMENTS--GENERAL INFORMATION
fixed length control field 110627t xxu||||| |||| 00| 0 eng d
010 ## - LIBRARY OF CONGRESS CONTROL NUMBER
LC control number HCCS F91
245 ## - TITLE STATEMENT
Title The High Court Civil Suit No. 348 of 1991. Ismail Jaffer Allibhai Two Others Vs Nandial Harjivan Karia and nother.
260 ## - PUBLICATION, DISTRIBUTION, ETC. (IMPRINT)
Date of publication, distribution, etc 348/1991/1
500 ## - GENERAL NOTE
General note Before : The Hon. The Principal Judge Mr. Justice J.H. Ntabgoba.
Holdings
Withdrawn status Lost status Source of classification or shelving scheme Damaged status Koha normalized classification for sorting Not for loan Location (home branch) Sublocation or collection (holding branch) Shelving location Date acquired Koha issues (times borrowed) Koha full call number Piece designation (barcode) Koha date last seen Price effective from Koha item type
    Dewey Decimal Classification   HCCS_F91   Law Development Centre Main Library Law Development Centre Main Library Law Reports 06/27/2011   HCCS F91 348/1991/1 06/27/2011 06/27/2011 Un Reported Cases
    Dewey Decimal Classification   HCCS_F91   Law Development Centre Main Library Law Development Centre Main Library Law Reports 06/27/2011   HCCS F91 348/1991/2 06/27/2011 06/27/2011 Un Reported Cases